<?xml version="1.0" encoding="UTF-8"?>
<record
    xmlns:xsi="http://www.w3.org/2001/XMLSchema-instance"
    xsi:schemaLocation="http://www.loc.gov/MARC21/slim http://www.loc.gov/standards/marcxml/schema/MARC21slim.xsd"
    xmlns="http://www.loc.gov/MARC21/slim">

  <leader>00489nam a2200181Ia 4500</leader>
  <controlfield tag="005">20250326125441.0</controlfield>
  <controlfield tag="008">250326s9999    xx            000 0 und d</controlfield>
  <datafield tag="037" ind1=" " ind2=" ">
    <subfield code="a">Textbook</subfield>
  </datafield>
  <datafield tag="040" ind1=" " ind2=" ">
    <subfield code="a">FMSL</subfield>
    <subfield code="b">eng</subfield>
    <subfield code="c">FMSL</subfield>
  </datafield>
  <datafield tag="041" ind1=" " ind2=" ">
    <subfield code="a">eng</subfield>
    <subfield code="2">eng</subfield>
  </datafield>
  <datafield tag="084" ind1=" " ind2=" ">
    <subfield code="a">Y2:(X:8) H2</subfield>
    <subfield code="q">FMSL</subfield>
  </datafield>
  <datafield tag="100" ind1=" " ind2=" ">
    <subfield code="a">Nickell P</subfield>
  </datafield>
  <datafield tag="245" ind1=" " ind2="0">
    <subfield code="a">Management in family living</subfield>
    <subfield code="c">Nickell P; Dorsey J M</subfield>
  </datafield>
  <datafield tag="260" ind1=" " ind2=" ">
    <subfield code="a">NY</subfield>
    <subfield code="b">NY, John Wiley</subfield>
    <subfield code="c">1942</subfield>
  </datafield>
  <datafield tag="300" ind1=" " ind2=" ">
    <subfield code="a">479p</subfield>
  </datafield>
  <datafield tag="942" ind1=" " ind2=" ">
    <subfield code="c">TB</subfield>
    <subfield code="h">Y2:(X:8) H2</subfield>
  </datafield>
  <datafield tag="999" ind1=" " ind2=" ">
    <subfield code="c">1278118</subfield>
    <subfield code="d">1278118</subfield>
  </datafield>
  <datafield tag="952" ind1=" " ind2=" ">
    <subfield code="0">0</subfield>
    <subfield code="1">0</subfield>
    <subfield code="4">0</subfield>
    <subfield code="7">0</subfield>
    <subfield code="a">FMSL</subfield>
    <subfield code="b">FMSL</subfield>
    <subfield code="d">2025-03-26</subfield>
    <subfield code="l">0</subfield>
    <subfield code="o">Y2:(X:8) H2</subfield>
    <subfield code="p">ML1139765</subfield>
    <subfield code="r">2025-03-26 12:54:41</subfield>
    <subfield code="w">2025-03-26</subfield>
    <subfield code="y">TB</subfield>
  </datafield>
</record>
